| 000 | 00473nam a2200193Ia 4500 | ||
|---|---|---|---|
| 005 | 20140404082645.0 | ||
| 008 | 140130s9999 xx 000 0 und d | ||
| 020 | _a043985606x | ||
| 050 |
_aPZ 7 _b.Ol44 2002 |
||
| 100 |
_aOlder, Jules _931312 |
||
| 245 |
_cJules Older. _aIce cream / |
||
| 260 |
_bScholastic, _c2002. _aUSA : |
||
| 300 |
_a31 p. : _bcol. ill. ; _c26 cm. |
||
| 440 |
_v1 _931174 |
||
| 521 | _aG7 | ||
| 526 | _c890 | ||
| 942 |
_cBK _2lcc |
||
| 999 |
_c41262 _d41262 |
||